00560nam a2200205Ia 450000500170000000800410001702000150005808200130007310000170008624500360010326000280013930000170016765000130018465000140019765000100021165000150022194200060023695200970024299900150033920241003035641.0240331s9999 xx 000 0 und d a0415904897 bSPIa809 aSpivak, G.C  0aOutside in the teaching machine aLondonbRoutledgec1993 ax, 335 p ., aFeminist aCriticism awomen aLiterature cL 001040708LaWERCLbWERCLcSSCd2024-03-31l0o 809.8 SPIp3721r2024-03-31w2024-03-31yL c3156d3156